000 00271nam a2200097Ia 4500
008 240331s9999 xx 000 0 und d
082 _bENC
100 _aMakaryk, I.R, . ed
245 0 _aEncyclopedia of contemporary literary theory :
_bapproaches, scholars, terms
942 _cL
999 _c3245
_d3245